| 000 | 00629nam a2200181 4500 | ||
|---|---|---|---|
| 001 | 126734 | ||
| 003 | ES-MaACL | ||
| 005 | 20230906192853.0 | ||
| 007 | t| | ||
| 008 | 070214s1913 sp r ||||1| spa d | ||
| 245 | 0 | 0 | _aResumen de los trabajos realizados por la Comisión de experiencias, proyectos y comprobación del material de guerra, durante el año de 1912. |
| 260 |
_aMadrid : _bEduardo Trías, _c1913. |
||
| 300 |
_a252 p. ; _c24 cm. |
||
| 490 | 1 | _aPublicaciones del `Memorial de Artillería` | |
| 830 | 0 |
_aPublicaciones del `Memorial de Artillería` _9181853 |
|
| 852 |
_aES-MaACL _jG-9376 |
||
| 999 |
_c126734 _d126734 |
||